000 01348nam a2200289 a 4500
001 BRCA_5190
005 20190320204957.0
008 241110m18041805mx-######v---#000-0#spa-#
041 _aspa
044 _amx
084 _aDOC147
_b.A76
_c1804
100 1 _aArozqueta, Agustín
_cCorregidor de la Ciudad de Toluca
_913284
245 1 0 _aDocumento expedido por Agustín Arozqueta
_cAgustín Arozqueta.
260 _aMéxico
_c1804-1805
300 _a[30] fojas
_c31 x 22 cm
500 _aDocumento expedido en 1804-1805
500 _aDon Agustín Arozqueta, Corregidor de la Ciudad de Toluca, da cuenta y certificación de los gravámenes en su jurisdicción
500 _aPapel con marca de agua
500 _aEn la parte superior sello español e inscripción que dice: SELLO SEGUNDO DOCE REALES. AÑO DE MIL OCHOCIENTOS QUATRO, Y OCHOCIENTOS CINCO
500 _aEstado de conservación: contiene manchas de acido, márgenes maltratados, y mancha de tinta
506 0 _aFondo reservado: para su consulta es necesario credencial de usuario y carta de motivos
546 _aTexto en: español de principios del siglo XIX
600 1 4 _aArozqueta, Agustín
_cCorregidor de la Ciudad de Toluca
_913284
650 1 4 _aDocumentos legales
_vImpreso con manuscrito
_xHistoria
_yColonia, 1521-1821
_zToluca
_913285
902 _aFDH
942 _2lcc
_cD
999 _c4884
_d4884